| 000 | 00540nam a22001937a 4500 | ||
|---|---|---|---|
| 005 | 20221130154122.0 | ||
| 008 | 221130b ||||| |||| 00| 0 eng d | ||
| 020 | _a9789382750376 | ||
| 040 |
_aIN-DiNC _cIN-DiNC |
||
| 041 | _dasm | ||
| 082 |
_a891.4514 _bGOH |
||
| 100 |
_aGohain, Hiren _eauthor |
||
| 245 |
_aProgotir songram aru astittvar chanda/ _cby Hiren Gohain |
||
| 250 | _a1st ed. | ||
| 260 |
_aGuwahati: _bBanalata, _c2014. |
||
| 300 | _a263p. | ||
| 650 | _aCritical articles on Assamese society and culture | ||
| 942 |
_2ddc _cBK |
||
| 999 |
_c11450 _d11450 |
||